| 000 | 01101nam a2200253 a 4500 | ||
|---|---|---|---|
| 001 | 000045858 | ||
| 005 | 20240307073949.0 | ||
| 008 | 150522s1989 dr 000 0 spa d | ||
| 040 |
_aDO-SdBNP _bspa _cBNPHU |
||
| 082 |
_axxxx _bxxxx |
||
| 100 | 1 |
_aGrullón, Ivan _973928 |
|
| 245 | 1 | 3 |
_aLa matanza de los haitianos en El Masacre se pasa a pie y mi compadre el General Sol / _cIván Grullón ; presentación José Dionicio Taveras. |
| 260 |
_aSanto Domingo : _bUniversitaria, UASD, _c1989. |
||
| 300 |
_a49 P. ; _c21 cm. |
||
| 490 | 1 |
_aPublicaciones de la Universidad Autónoma de Santo Domingo _v608 |
|
| 490 | 1 |
_aHistoria y sociedad _v84 |
|
| 500 | _aIncluye referencias bibliográficas y notas al pie de las páginas. | ||
| 500 | _aIncluye datos biográficos del autor en la solapa de la contracubierta | ||
| 504 | _aBibliografía : p. 49, [50] | ||
| 700 | 1 | 2 |
_aTaveras, José Dionicio, _epres. _973929 |
| 710 | 1 | 2 |
_aUniversidad Autónoma de Santo Domingo _972951 |
| 830 | 0 |
_aPublicaciones de la Universidad Autónoma de Santo Domingo. _n608 _973930 |
|
| 830 | 0 |
_aHistoria y sociedad. _v84 _913749 |
|
| 999 |
_c45347 _d45347 |
||